Регионална библиотека "Любен Каравелов" - Русе

Математически развлечения (Запис номер 61545)

MARC детайли
000 -Лидер
Контролно поле с фиксирана дължина nam a22 a 4500
003 - Код на организацията, давaща контролен номер
Контролно поле BLK
005 - Дата и час на последна редакция
Контролно поле 20220923163448.0
008 - Елементи от данни с фиксирана дължина
fixed length control field 180408b bul|||||r ||||||| ||bul||
010 ## - Наследен системен номер
LC control number KNG00065747000
040 ## - Източник на каталожния запис
Идентификатор на билиотеката - собственик на записа BLK
041 ## - Код за език
Код за езика на текст/звукозапис или на отделно заглавие Български
Код за езика КДБФ Български
080 ## - УДК
Текстов определител УДК Математически игри и развлечения. Занимателна математика. Вж и 519.6 ; 793.7 ; 794
УДК код - определител по УДК 51-8
УДК - код + определител 51-8
100 1# - Редна дума - Автор
Автор Гарднер, Мартин
Авторска отговорност първи автор
R(LIN) 51346
139 ## - Редно поле
Редна дума Гарднер, Мартин
Авторски знак Гар - Г 23
245 10 - Сведения за заглавието
Заглавие Математически развлечения
Подзаглавни данни Т. 1 - 3
Редно поле (дума) Мартин Гарднер; прев. от англ. Красимира Попова.
Том Т. 1
257 ## - Страна на издаване
Страна на създаване/издаване Съединени американски щати
260 ## - Област на издателските данни
Място на издаване, разпространение и проч. София
Име на издателя, разпространителя и проч. Наука и изкуство
Година на издаване 1975 - 1980
300 ## - Физическа характеристика
Размери/Мащаб 21 см
380 ## - Жанр
Жанр Естествени науки. Математика
500 ## - Общи забележки
Забележка Доп. тир. 1977
504 ## - Забележка за наличие на библиография и др
Забележка за наличие на библиография и под. 453-462
650 #4 - Допълнително описание по предмет – тема
Основно описание – тема или топоним Математика, забавна
9 (RLIN) 251968
653 ## - Ключова дума – ненормативна
Ключова дума забавна математика
700 1# - Други автори (авторска отговорност)
Лично име Попова, Красимира
Автороска отговорност (Описва отношението между автора и произведението) прев. от англ.
9 (RLIN) 370059
760 1# - Описание на основната серия
Редна дума на основното описание Гарднер, Мартин
Място на издаване, издател и година 1975
Страници - том 467 с.
Забележка - том Ориг. загл. Mathematical puzzles and diverstons - Библиогр. с. 453-462
Заглавие Т. 1
852 ## - Местоположение
Форматна сигнатура Цб 75993
856 4# - Електронен адрес и достъп
Електронен формат pdf - файл
856 4# - Електронен адрес и достъп
Електронен формат pdf - файл
999 ## - СИСТЕМНИ КОНТРОЛНИ НОМЕРА
Koha biblionumber 61545
Koha biblioitemnumber 61545
942 ## - АРТИКУЛИ
Вид на библиотечния материал Книги
Скрит в OPAC Не
Периодичен библиозапис Да
944 ## - СЪЗДАВАНЕ И РЕДАКЦИЯ на ЗАПИСА
Създаване/Редакция Създаване
Дата на регистрацията/редакция 13.06.2004
Служител, извършил регистрацията/редакцията Наталия_Медовщикова
944 ## - СЪЗДАВАНЕ И РЕДАКЦИЯ на ЗАПИСА
Създаване/Редакция Редакция
Дата на регистрацията/редакция 2022-09-23
Служител, извършил регистрацията/редакцията ир
999 ## - СИСТЕМНИ КОНТРОЛНИ НОМЕРА
Koha biblioitemnumber 61545
Наличности
Код за отписване Код за изгубен артикул Източник на класификационната схема Код за повреда Коз за рестрикции Код за отдаване Артикулен № Име на библиотеката - собственик Име на библиотеката, в която се намира в момента Статус (Текущо местоположение) Дата на вписване в системата Местоположение - отдел Цена в лева Инвентарен номер Систематично азбучна сигнатура Баркод Номер на екземпляра Цена в евро Служебна бележка Служебен тип на артикула
Изтеглен Не е изгубен Universal Decimal Classification Не е повреден без рестрикции ползва се в читалня 102014 Регионална библиотека "Любен Каравелов" Русе Регионална библиотека "Любен Каравелов" Русе Читалня 1993-01-01 Читалня 1.44 184962 Ч 51/Г 23 184962 1 0.74 Дата инв: 15.03.2017 Бележки инв: Ч2017 Книги
Изтеглен Не е изгубен Universal Decimal Classification Не е повреден без рестрикции заемане за дома 102015 Регионална библиотека "Любен Каравелов" Русе Регионална библиотека "Любен Каравелов" Русе Заемна - подръчен фонд 1975-01-01 Заемна - подръчен фонд 1.44 184959 П 51-8/Г 23 184959 2 0.74 Дост: Pk Вид: Ф N: стар фонд Дата: 01.01.1975 Книги
Изтеглен Не е изгубен Universal Decimal Classification Не е повреден без рестрикции заемане за дома 102016 Регионална библиотека "Любен Каравелов" Русе Регионална библиотека "Любен Каравелов" Русе Заемна - подръчен фонд 1975-01-01 Заемна - подръчен фонд 1.44 184960 П 51-8/Г 23 184960 3 0.74 Дост: Pk Вид: Ф N: стар фонд Дата: 01.01.1975 Книги
  Не е изгубен Universal Decimal Classification Не е повреден само за читалня ползва се в читалня 102017 Регионална библиотека "Любен Каравелов" Русе Регионална библиотека "Любен Каравелов" Русе Хранилище 1975-01-01 Хранилище 1.44 183525 Цб 75993 120000183525 4 0.74 Дост: Dp Вид: Д N: стар фонд Дата: 01.01.1975 Книги
Vip Innovations Ltd, Rousse, Bulgaria 2025